FEUERBACH O LA SENSUALIDAD EMANCIPADA/

TRADUCCION DE: EMANZIPATORISCHE SINNLICHKEIT

محفوظ في:
التفاصيل البيبلوغرافية
المؤلف الرئيسي: Schmidt, Alfred (autor)
التنسيق: كتاب
الموضوعات:
الوسوم: إضافة وسم
لا توجد وسوم, كن أول من يضع وسما على هذه التسجيلة!

MARC

LEADER 00000nam^a2200000^a^4500
001 000224803
005 20250521000000.0
009 20260310104102.338
020 |a 84-306-1129-0 
035 |a 043683 
037 |a Acervo Xavier Clavigero 
082 |a 146. 3  |b SCH 
100 |a Schmidt, Alfred  |e (autor) 
245 1 0 |a FEUERBACH O LA SENSUALIDAD EMANCIPADA/  |c ALFRED SCHMIDT; TR. JULIO CARABAÑA 
264 |a MADRID :  |b TAURUS,  |c 1975 
300 |a 237p. 
336 |a texto  |b txt  |2 rdacontenido 
337 |a sin mediación  |b n  |2 rdamedio 
338 |a volumen  |b nc  |2 rdasoporte 
520 |a TRADUCCION DE: EMANZIPATORISCHE SINNLICHKEIT 
649 |a XX 
650 |a Materialismo 
650 |a Feuerbach, Ludwig -  |x Tema Principal 
910 |a Fondo General 
920 |a Impresos - Libros 
930 |a Colección General 
905 |a 101 
901 |a 043683  |b IT1  |c ACC  |i 043683  |u 20250521 
901 |a 029583  |b IT1  |c ACC  |i 029583  |u 20250521 
901 |a 047212  |b IT1  |c ACC  |i 047212  |u 20250521 
902 |a https://opac.biblio.iteso.mx/vufind/Record/000224803